Henry James /

Bibliographic Details
Other Authors: Bloom, Harold
Format: Book
Language:English
Published: New York : Chelsea House, 1987.
Series:Modern critical views.
Subjects:

MARC

Tag First Indicator Second Indicator Subfields
LEADER 00000cam a22000008a 4500
001 in00000008997
005 20151007051445.0
008 860904s1987 nyu b 00100 eng
010 |a  86024444  
020 |a 0877546967 (alk. paper) :  |c $27.50 
035 |a (OCoLC)14242981 
035 |9 AAA3068AM 
040 |a DLC  |c DLC  |d m/c  |d OCL  |d TXA  |d UtOrBLW 
049 |a TXAM  |c [A12618214] 
050 0 0 |a PS2124  |b .H43 1987 
082 0 |a 813/.4  |2 19 
245 0 0 |a Henry James /  |c edited and with an introduction by Harold Bloom. 
263 |a 8702 
264 1 |a New York :  |b Chelsea House,  |c 1987. 
300 |a viii, 346 pages 
336 |a text  |b txt  |2 rdacontent 
337 |a unmediated  |b n  |2 rdamedia 
338 |a volume  |b nc  |2 rdacarrier 
490 1 |a Modern critical views 
504 |a Bibliography: pages 323-331. 
500 |a Includes index. 
600 1 0 |a James, Henry,  |d 1843-1916  |x Criticism and interpretation. 
700 1 |a Bloom, Harold. 
830 0 |a Modern critical views. 
999 |a MARS 
999 f f |s 0d743415-576c-3d13-870e-e6d226661473  |i a0c4a477-7f42-3f43-a319-2d88af5bb0d8  |t 0 
952 f f |p ric  |a Texas A&M University  |b Rellis Campus  |c Joint Library Facility  |d Remote Storage  |t 0  |e PS2124 .H43 1987  |h Library of Congress classification  |i unmediated -- volume  |m A14812618214 
998 f f |a PS2124 .H43 1987  |t 0  |l Remote Storage